ARRUPE JESUIT UNIVERSITY

CORONAVIRUS -STOP THE SPREAD - CLEAN,DISINFECT,COVER

A cross shattered church (Record no. 119440)

MARC details
000 -LEADER
fixed length control field 00446nam a22001457a 4500
008 - FIXED-LENGTH DATA ELEMENTS--GENERAL INFORMATION
fixed length control field 131220b xxu||||| |||| 00| 0 eng d
020 ## - INTERNATIONAL STANDARD BOOK NUMBER
International Standard Book Number 9780232527858
050 ## - LIBRARY OF CONGRESS CALL NUMBER
Classification number BV4241.H368
100 ## - MAIN ENTRY--PERSONAL NAME
Personal name Hauerwas, Stanley
9 (RLIN) 6275
245 ## - TITLE STATEMENT
Title A cross shattered church
Remainder of title reclaiming the theological heart of preaching
260 ## - PUBLICATION, DISTRIBUTION, ETC. (IMPRINT)
Place of publication, distribution, etc London
Name of publisher, distributor, etc Darton, Longman and Todd Ltd.
Date of publication, distribution, etc 2009
300 ## - PHYSICAL DESCRIPTION
Extent 160p.
Dimensions 22cm.
650 ## - SUBJECT ADDED ENTRY--TOPICAL TERM
Topical term or geographic name as entry element Sermons
9 (RLIN) 6276
942 ## - ADDED ENTRY ELEMENTS (KOHA)
Source of classification or shelving scheme Library of Congress Classification
Item type Monograph ( Printed materials)
Holdings
Withdrawn status Lost status Source of classification or shelving scheme Damaged status Not for loan Home library Current library Shelving location Date acquired Total Checkouts Full call number Barcode Date last seen Price effective from Koha item type
    Library of Congress Classification     ARRUPE LIBRARY ARRUPE LIBRARY Main Collection 20/12/2013   BV4241.H368 464122463 24/01/2017 20/12/2013 Monograph ( Printed materials)

 

Arrupe Library. PO Box MP320 Mt Pleasant, Harare, Zimbabwe
263 242 745411|librarian@aju.ac.zw